| 000 | 00861nam a2200241Ia 4500 | ||
|---|---|---|---|
| 003 | GCL | ||
| 008 | 140319s9999 xx 000 0 ara d | ||
| 040 |
_aGCL / _cGCL |
||
| 082 | 0 | 4 |
_a305.42 _bم ح |
| 100 | 1 | _aمحمد عمارة | |
| 245 | 1 | 0 |
_aحركات تحرير المرأة من المساواة ألى الجندر : _bدراسة إسلامية نقدية / _cمحمد عمارة |
| 700 | 1 | _aمثنى أمين الكردستانى | |
| 250 | _aالاولى | ||
| 260 |
_aالقاهرة : _bدار القلم للنشر والتوزيع ، _c2004 |
||
| 300 |
_a491ص ؛ _c24سم |
||
| 650 | 0 | 4 | _aالمرأة فى الحياة العامة |
| 650 | 0 | 4 | _aتحرير المراة |
| 650 | 0 | 4 | _aحقوق المرأة |
| 650 | 0 | 4 | _aحجاب المراة |
| 650 | 0 | 4 | _aحق الانتخاب |
| 650 | 0 | 4 | _aتعليم النساء |
| 942 |
_2ddc _cBK |
||
| 999 |
_c7477 _d7477 |
||